000 006150000a22001930004500
003 LK-CoMWRAF
005 20230921230535.0
008 230817t ||||| |||| 00| 0 eng d
020 _a8187570008
040 _aLK-CoMWRAF
_dLK-CoMWRAF
_eLK-CoMWRAF
041 _aeng
082 _a297.352
_bKHA
100 _aKhan, Saniyasnain
245 _aHajj :
_bWhat the Hajj is, why it's so important and what it teaches me
260 _aNew Delhi (India) :
_bGoodword,
_c2000
490 _aTell Me About
650 _aMuslim pilgrims and pilgrimages -- Saudi Arabia -- Mecca -- History -- Juvenile literature
942 _cBK
999 _c1498
_d1498